000 00600nam a2200217Ia 4500
003 OSt
005 20220928145228.0
006 a|||||r|||| 00| 0
007 ta
008 220927b |||||||| |||| 00| 0 eng d
024 _a79566
037 _cTextual
040 _aSDCL
_cSDCL
_beng
041 _2eng
_aeng
082 _aV2,7'N, N6
100 _aBaxi Upendra
245 0 _aAnnual capital foundation lecture on judicial activism, legal education and research in a globalised India.
260 _c1996
942 _hV2,7'N, N6
_cTEXL
_2CC
999 _c832650
_d832650